000 00785nam a22002057a 4500
999 _c11949
_d11949
003 AR-CdUCM
008 190405b ||||| |||| 00| 0 spa d
040 _aMUNICIPALIDAD PROVINCIAL DEL CUSCO
_cBIBLIOTECA MUNICIPAL DEL CUSCO
082 _a330.1 /
_bD631 / 1938
100 _aDobb, Maurice Herbert
_929577
245 _aUna introducción a la economía /
260 _aMéxico :
_bFondo de Cultura Económica,
_c1938.
300 _a88 páginas ;
_c22 cm.
505 _aContenido: El nacimiento de la economía -- La teoría del valor -- Ricardo y la renta a la tierra -- Después de Ricardo -- Marx y la plusvalía...
650 _aPlusvalia
_929578
650 _aEconomía y Marx
_929579
650 _aCiencias sociales
_91096
942 _2ddc
_cLIBROS
945 _adavv
_d05/04/2019